01014naa#a2200181#i#4500001001500000005001700015100004100032102000700073200020100080210016900281215001000450608006000460675017600520700002600696700006200722700003000784856001800814RU\\bibl\1994220260701161122.3##a20260630b2026####ek#y0rusy0150####ca##aRU1#aОГРАНИЧЕНИЯ ПРИМЕНЕНИЯ БОЛЬШИХ ЯЗЫКОВЫХ МОДЕЛЕЙ К ТАБЛИЧНЫМ ФИНАНСОВЫМ ДАННЫМeСтатья/тезисы конференции1#aВоронежcВоронежский государственный лесотехнический университет имени Г.Ф. Морозоваd2026##a5 с.##aСтатья/тезисы конференции2local##aИнформационные технологии. Компьютерные технологии. Теория вычислительных машин и систем. 004#1aЖуковаgЕ. А.#1aАнцифероваgВалентина Ивановна#1aСолодоваgМ. С.4#abibl.vgltu.ru